000 00354nam a2200145Ia 4500
008 230917s9999||||xx |||||||||||||| ||und||
040 _e143612
_aMAIN
041 _aEnglish
082 _a361 G375H
100 _aGilbert, Neil
245 0 _aHandbook of social services
260 _aNew Delhi
_bPrentice-Hall
_c1981
300 _a703p. p.
942 _cBK
999 _c226923
_d226923